000 nam a22 a 4500
999 _c1263
_d1263
003 AKMAL
005 20170509085055.0
008 170509s2015 my e 000 0 may d
020 _a9789670482798
_qpaperback
_cRM20.00
040 _aAKMAL
082 0 4 _a297.54 POW
_223
090 0 0 _a297.54
_bPOW
245 0 4 _aThe Power of SEDEKAH /
_cUSTAZ KU MUHAMAD ASMADI KU MOHD SAAD
264 1 _aBatu Caves, Selangor :
_bPUSTAKA AL-EHSAN,
_c[2015?]
300 _axi, 274 pages ;
_c21 cm
650 1 0 _aIslam
_xCharities
_92435
650 2 0 _aIslamic giving
_92505
700 0 _aKu Muhamad Asmadi Ku Mohd Saad,
_cUstaz,
_d1976-
_eeditor.
_92506
942 _2ddc
_cBOOK